| 000 | 00784nam a2200157Ia 4500 | ||
|---|---|---|---|
| 008 | 090124s9999 xx 000 0 und d | ||
| 082 | _b19807 | ||
| 245 | _a रा.गो.भांडारकर ह्य़ांचे धर्मपर लेख व व्य़ाख्य़ाने | ||
| 250 | _a1 | ||
| 260 |
_bसुबोध प्रकाशन _c1909 |
||
| 300 | _a412 | ||
| 630 | _a रा.गो.भांडारकर ह्य़ांचे धर्मपर लेख व व्य़ाख्य़ाने | ||
| 700 | _aवैद्य व्दारकानाथ गोविंद | ||
| 730 | _a रा.गो.भांडारकर ह्य़ांचे धर्मपर लेख व व्य़ाख्य़ाने | ||
| 942 | _cBOOK | ||
| 999 |
_c90171 _d90171 |
||